00559nam a2200193Ia 450000500170000000800410001704000190005804100120007708200130008910000180010224500400012025000120016026000510017230000270022344000270025050400500027765000280032785000100035520230712092254.0131103s9999 xx 000 0 und d aLoreto College aEnglish a973bKRO aKrout,John A. aUnited States to 1865cJohn A.Krout a5th ed. aNew YorkbBarnes & Noblec1955 (1960 printing) axii,212 p.b ill.,maps aCollege Outline Series aIncludes bibliographical references and index aUnited States - History aLCLIB